000 00522nam a2200193Ia 4500
005 20250508160718.0
008 008 250505s9999 xx 000 0 eng d
037 _aTextual
040 _aFEDL
_beng
_cFEDL
041 _aeng
_2eng
084 _a331, ROB
_qFEDL
100 _aRobinson Joan
245 0 _aEssays in the theory of economic growth
260 _aLondon, UK
_bMacmillan Press Ltd.
_c1968
300 _ax,137p.
650 _aEconomics
942 _cTEXL
_h331, ROB
999 _c1366169
_d1366169